LEADER 00971nam--2200337---450- 001 990000705260203316 005 20060127124023.0 035 $a0070526 035 $aUSA010070526 035 $a(ALEPH)000070526USA01 035 $a0070526 100 $a20011023d1902----km-y0itay0103----ba 101 $aita 102 $aIT 105 $a||||||||001yy 200 1 $a<> asceta ed altri poemetti$fMario Rapisardi 210 $aCatania$cN.Giannotta$d1902 215 $a222 p.$d20 cm 676 $a851.8 700 1$aRAPISARDI,$bMario$0161794 912 $a990000705260203316 951 $aVI.3.A. 1695(V A 1287)$b36518 L.M.$cV A$d00076349 959 $aBK 969 $aUMA 979 $aPAOLA$b40$c20011023$lUSA01$h1914 979 $aPAOLA$b40$c20011023$lUSA01$h2251 979 $c20020403$lUSA01$h1719 979 $aPATRY$b90$c20040406$lUSA01$h1648 979 $aCOPAT1$b90$c20060127$lUSA01$h1240 996 $aAsceta ed altri poemetti$9961656 997 $aUNISA